000 00612cam a22001932 4500
001 0000005141
005 20151217155826.0
008 070606s xx 000 0 eng d
020 _a9211313597 :
_cKES 1,200
040 _aKABU
_cKABU
050 0 _aTD345
_b.A37R47
245 1 0 _aReport of the International consultations on partnership in the water sector for cities in Africa :
_b.
260 _aNairobi :
_bHabitat,
_c1997.
300 _aIx, 290 p.
650 0 _aMunicipal water supply
_zAfrica.
_@0000156262
908 _a070606
950 _@1
999 _c12952
_d12952